书目信息 |
| 题名: |
侃戏
|
|
| 作者: | 黄森林 著 | |
| 分册: | ||
| 出版信息: | 北京 中国戏剧出版社 2011.07 |
|
| 页数: | 326页 | |
| 开本: | 20cm | |
| 丛书名: | ||
| 单 册: | ||
| 中图分类: | I267.1 | |
| 科图分类: | ||
| 主题词: | 散文--中国 , 散文--作品综合集--中国 | |
| 电子资源: | ||
| ISBN: | 978-7-104-03462-9 | |
| 000 | 00585nam0 2200205 450 | |
| 001 | 1155810142 | |
| 005 | 20111228153138.20 | |
| 010 | @a978-7-104-03462-9@dCNY28.00 | |
| 100 | @a20111228d2011 km y0chiy0120 ea | |
| 101 | 0 | @achi |
| 102 | @aCN@b110000 | |
| 200 | 1 | @a侃戏@Akan xi@f黄森林著@Fhuang sen lin zhu |
| 210 | @a北京@c中国戏剧出版社@d2011.07 | |
| 215 | @a326页@d20cm | |
| 606 | 0 | @a散文@x中国 |
| 606 | 0 | @a散文@x作品综合集@x中国 |
| 690 | @aI267.1@v4 | |
| 701 | 0 | @a黄森林@Ahuang sen lin@4著 |
| 801 | 0 | @aCN@b大连网信软件有限公司图书馆·11@c20111228 |
| 905 | @aZUCC@dI267.1@eH883 | |
| 侃戏/黄森林著.-北京:中国戏剧出版社,2011.07 |
| 326页;20cm |
| ISBN 978-7-104-03462-9:CNY28.00 |
| ● |
| 相关链接 |
|
|
|
正题名:侃戏
索取号:I267.1/H883
 
预约/预借
| 序号 | 登录号 | 条形码 | 馆藏地/架位号 | 状态 | 备注 |
| 1 | 843226 | 208432267 | 文学库116/116文学库 9排6列3层/ [索取号:I267.1/H883] | 在馆 | |
| 2 | 843227 | 208432276 | 文学库116/116文学库 9排6列3层/ [索取号:I267.1/H883] | 在馆 | |
| 3 | 843228 | 208432285 | 社科二线422/422社科库 26排22列2层/ [索取号:I267.1/H883] | 在馆 |